Every Political Party To Have Been In Power G-Sa - Statistics

General Stats
  • This quiz has been taken 15 times
    5 since last reset
  • The average score is 189 of 496
Answer Stats
Country Years Position Symbol Answer % Correct
Israel 1984-1986 Centre Left Alignment
100%
Nauru 1997-1998 Centre Centre Party
100%
Liechtenstein 1922-1922 1922-1928 Centre Christian-Social People's Party
100%
Kazakh Soviet Socialist Republic 1990-1991 Far Left Communist Party of Kazakhstan
100%
Soviet Civil Administration in Korea 1945-1946 Far Left Communist Party of the Soviet Union
100%
Haiti 1913-1914 Right Conservative Party
100%
Kingdom of Iceland 1924-1927 Centre Right Conservative Party
100%
Mexican Republic & Centralist Republic of Mexico & Mexican Empire 1830-1832 1834-1841 1842-1843 1843-1844 1844-1844 1845-1846 1847-1847 1848-1848 1853-1855 1858-1864 Right Conservative Party
100%
Nicaragua 1845-1847 1847-1849 1854-1855 1857-1893 1910-1910 1911-1929 Centre Right Conservative Party
100%
Panama 1903-1903 1904-1907 1907-1908 1918-1918 Centre Right Conservative Party
100%
Kingdom of Romania 1888-1895 1899-1901 1906-1907 1910-1913 1918-1918 Centre Right Conservative Party
100%
Indonesia 2004-2014 Centre Right Democratic Party
100%
Luxembourg 1974-1979 2013-2023 Centre Democratic Party
100%
Mongolia 2009-2016 Centre Right Democratic Party
100%
Peru 1895-1899 1912-1914 Centre Left Democratic Party
100%
Portugal 1913-1915 1915-1916 1917-1917 1919-1920 1920-1921 1922-1923 1924-1924 1925-1926 Centre Left Democratic Party
100%
Guinea 1958-1984 Left Democratic Party of Guinea – African Democratic Rally
100%
Ivory Coast 1960-2000 Centre Right Democratic Party of Ivory Coast – African Democratic Rally
100%
Japan 2009-2012 Centre Democratic Party of Japan
100%
Kosovo 2008-2014 Centre Right Democratic Party of Kosovo
100%
Nauru 1989-1995 1996-1996 1998-1999 2000-2001 2003-2003 Centre Democratic Party of Nauru
100%
Latvia 1995-1997 Centre Left Democratic Party "Saimnieks"
100%
Qajar Iran 1910-1911 1913-1915 1915-1915 1915-1917 1918-1918 1918-1919 Centre Left Democrat Party
100%
Pahlavi Iran 1946-1947 Centre Left Democrat Party of Iran
100%
Maldives 2005-2008 Centre Right Dhivehi Rayyithuge Party
100%
Kingdom of Nepal & Nepal 1994-1995 2009-2011 2015-2016 2018-2021 2024-Now Left Communist Party of Nepal (Unified Marxist–Leninist)
100%
Nicaragua 1839-1839 1839-1841 1843-1845 1851-1851 1851-1853 1854-1855 1855-1857 1893-1910 1910-1911 Centre Left Democratic Party / Liberal Party
100%
Italy 2006-2008 2013-2018 Centre Left Democratic Party / The Union
100%
Kenya 2002-2005 Centre Right Democratic Party / National Rainbow Coalition
100%
Norway 1931-1933 1965-1971 Centre Farmer's Party / Centre Party
100%
Central Indonesian National Committee 1945-1949 Left to Far Left Left Wing Coalition (Socialist Party, Communist Party, Labour Party, etc.)
100%
Mexican Republic & Centralist Republic of Mexico 1829-1829 1832-1834 1841-1842 1843-1843 1844-1844 1844-1845 1846-1847 1847-1848 1848-1853 1855-1888 Centre Liberal Party / Popular York Rite Party / Federalist York Rite Party
100%
Mongolian People's Republic & Mongolia 1924-1996 2000-2009 2016-Now 1920-1990: Far Left 1990-2010: Left 2010-Now: Centre Left Mongolian People's Revolutionary Party / Mongolian People's Party
100%
Lebanon 1975-1976 1984-1987 Left National Salvation Front / Lebanese National Resistance Front
100%
Hungarian Soviet Republic & Hungarian Republic 1919-1919 1946-1946 1947-1948 Far Left Party of Communists in Hungary / Hungarian Communist Party
100%
Romanian People's Republic & Socialist Republic of Romania 1947-1989 Far Left Romanian Workers' Party / Romanian Communist Party
100%
Liberia 1849-1870 1872-1878 Centre Left True Liberian Party / Republican Party
100%
Moldova 2010-2012 Centre European Social Democratic Party
100%
Irish Free State & Ireland 1932-1948 1951-1954 1957-1973 1977-1981 1982-1982 1987-1994 1997-2011 2020-2022 2025-Now Centre Fianna Fáil
100%
Israel 1977-1984 1986-1988 Far Right Herut
100%
Norway 1880-1884 1889-1891 1893-1898 1912-1913 1920-1921 1923-1923 1926-1928 1940-1940 1963-1963 1981-1986 1989-1990 2013-2021 Centre Right Høyre
100%
Hungary 1989-1990 1994-1998 2002-2010 Centre Left Hungarian Socialist Party
100%
Israel 1992-1996 Centre Left Israeli Labor Party
100%
Kingdom of Italy 1944-1944 Left Italian Communist Party
100%
Italy 1981-1982 Centre Italian Republican Party
100%
Italy 1983-1987 1992-1993 Centre Left Italian Socialist Party
100%
Jamaica 1967-1972 1980-1989 2007-2012 2016-Now Centre Right Jamaica Labour Party
100%
India 1989-1990 1996-1998 Centre Janata Dal
100%
India 1977-1979 Centre Right Janata Party
100%
India 1979-1980 Centre Left Janata Party (Secular)
100%
Japan 1954-1955 Right Japan Democratic Party
100%
Japan 1993-1994 Centre Japan New Party
100%
Japan 1994-1996 Left Japan Socialist Party
100%
Empire of Japan 1898-1898 Centre Jiyuutou
100%
Israel 1966-1977 Centre Left Labor Alignment
100%
Malta 1971-1987 1996-1998 2013-Now Centre Left Labour Party
100%
Mauritius 1968-1982 1995-2000 2005-2014 2024-Now Centre Left Labour Party
100%
Netherlands 1946-1946 1948-1958 1973-1977 1994-2002 Centre Left Labour Party
100%
Norway 1928-1928 1935-1940 1945-1963 1963-1965 1971-1972 1973-1981 1986-1989 1990-1997 2000-2001 2005-2013 2021-Now Centre Left Labour Party
100%
Latvia 2004-2004 Centre Right Latvian Green Party
100%
Haiti 1869-1874 1876-1879 1888-1889 1902-1902 1908-1911 1941-1946 1946-1950 Centre Right Liberal Party
100%
Kingdom of Iraq 1946-1946 Centre Liberal Party
100%
Japan 1950-1954 Right Liberal Party
100%
Moldova 2009-2010 Centre Right Liberal Party
100%
Paraguay 1904-1912 1912-1936 1937-1940 2012-2013 Centre Liberal Party
100%
Honduras 1894-1903 1907-1911 1919-1924 1924-1925 1929-1933 1957-1963 1982-1990 1994-2002 2006-2010 Centre Liberal Party of Honduras
100%
Commonwealth of the Philippines & Philippines 1946-1953 1961-1965 2010-2016 Centre Liberal Party of the Philippines
100%
Liberia 1990-1994 Left Liberian People's Party
100%
Honduras 2022-Now Left Libertad y Refundación
100%
Maldives 2008-2012 2018-2023 Centre Right Maldivian Democratic Party
100%
Israel 1948-1966 Centre Left Mapai
100%
Mauritania 1961-1978 Left Mauritanian People's Party
100%
Mexico 1920-1928 Centre Left Mexican Laborist Party
100%
Mongolia 1996-2000 Centre Left Mongolian Social Democratic Party
100%
Commonwealth of the Philippines & Philippines 1935-1943 1945-1946 1953-1961 1965-1978 Centre Right Nacionalista Party
100%
Malta 1962-1971 1987-1996 1998-2013 Centre Right Nationalist Party
100%
Haiti 1874-1876 1879-1888 1889-1902 1911-1913 Centre National Party
100%
Honduras 1903-1907 1911-1919 1924-1924 1925-1929 1933-1956 1963-1978 1990-1994 2002-2006 2010-2022 Centre Right National Party of Honduras
100%
Nigeria 1979-1983 Big Tent National Party of Nigeria
100%
Quisling Norway 1940-1942 Far Right Nazi Party
100%
Dominion of New Zealand & New Zealand 1935-1949 1957-1960 1972-1975 1984-1990 1999-2008 2017-2023 Centre Left New Zealand Labour Party
100%
Dominion of New Zealand 1907-1912 Centre New Zealand Liberal Party
100%
New Zealand 1949-1957 1960-1972 1975-1984 1990-1999 2008-2017 2023-Now Centre Right New Zealand National Party
100%
Israel 1999-2001 Centre Left One Israel
100%
Pakistan 1971-1977 1988-1990 1993-1996 2008-2013 Pre-1970: Left 1970-Now: Centre Left Pakistan People's Party
100%
Philippines 2016-2022 Centre Left Partido Demokratiko Pilipino–Lakas
100%
Netherlands 2024-Now Right Party for Freedom
100%
Moldova 2001-2009 Far Left / Syncretic Party of Communists of the Republic of Moldova
100%
Moldova 2016-2020 Left / Syncretic Party of Socialists of the Republic of Moldova
100%
Luxembourg 1918-1925 1926-1940 Right Party of the Right
100%
Saint Kitts and Nevis 2015-2022 Centre Left People's Labour Party
100%
Latvia 1999-2000 2004-2007 Centre Right People's Party
100%
Malawi 2012-2014 Centre Right People's Party
100%
Kingdom of Romania 1920-1921 1926-1927 Centre People's Party
100%
Peru 2011-2016 Pre-2011: Left 2011-Now: Centre Left Peruvian Nationalist Party
100%
Poland 1992-1992 1993-1995 Centre Right Polish People's Party
100%
Republic of Poland 1920-1921 1923-1923 Pre-1923: Centre Left Post-1923: Centre Right Polish People's Party "Piast"
100%
Provisional People's Government of the Republic of Poland & Republic of Poland 1918-1919 1922-1922 Left Polish Socialist Party
100%
Provisional Government of the Republic of Poland & Provisional Government of National Unity & Polish People's Republic 1944-1948 Far Left Polish Workers' Party
100%
Portugal 1910-1913 Centre Portuguese Republican Party
100%
Saint Lucia 1982-1982 Centre Left Progressive Labour Party
100%
Pakistan 1957-1958 Centre Right Republican Party
100%
Mauritania 1992-2005 Right Republican Party for Democracy and Renewal
100%
Kingdom of Romania 1919-1920 Centre Right Romanian National Party in Transylvania and Banat
100%
Portugal 1916-1917 Centre Sacred Union
100%
Saint Kitts and Nevis 1995-2015 2022-Now Centre Left Saint Kitts and Nevis Labour Party
100%
Saint Lucia 1979-1982 1997-2006 2011-2016 2021-Now Centre Left Saint Lucia Labour Party
100%
Portugal 1976-1978 1983-1985 1995-2002 2005-2011 2015-2024 Centre Left Socialist Party
100%
Dominion of New Zealand 1928-1935 Centre United Party
100%
Norway 1884-1889 1891-1893 1898-1903 1905-1910 1913-1920 1921-1923 1924-1926 1928-1931 1933-1935 Centre Venstre
100%
North Korea 1949-Now Far Left Workers' Party of Korea
100%
Provisional People's Committee of North Korea & People's Committee of North Korea & North Korea 1946-1949 Far Left Workers' Party of North Korea
100%
Paraguay 1887-1904 1912-1912 1948-2008 2013-Now Centre Right 1948-1954: Right 1954-1989: Far Right Colorado Party
75%
Moldova 1992-2001 Centre Democratic Agrarian Party of Moldova
75%
Montenegro 2006-2020 Centre Left Democratic Party of Socialists of Montenegro
75%
Kingdom of Italy 1861-1862 1862-1867 1867-1876 1891-1892 1896-1898 1899-1900 1905-1905 1906-1906 1909-1911 Centre Right Destra
75%
Iraq 2021-Now Big Tent Furatayn Movement / al-Taqadum / State Administration Alliance
75%
Lebanon 2011-2014 2020-2025 Big Tent March 8 Alliance / Amal-Hizbu'llah / Azm Movement
75%
Hungarian People's Republic 1918-1919 Left Party of Independence and '48 – Károlyi
75%
Maldives 2012-2013 Centre Left Gaumee Itthihaad
75%
Palestine 2006-2007 Right Hamas
75%
Kingdom of Iceland 1922-1924 Centre Independence Party
75%
Morocco 1958-1960 1969-1971 2007-2011 Centre Right Istiqlal Party
75%
Japan 1955-1993 1996-2009 2012-Now Right Liberal Democratic Party
75%
Kyrgyzstan 2020-2020 2021-Now Right Mekenchil
75%
Quisling Norway 1940-1940 1942-1945 Far Right Nasjonal Samling
75%
Jordan 1956-1957 Left National Socialist Party
75%
Haiti 1957-1986 Far Right National Unity Party
75%
Turkish Federated State of Cyprus & Northern Cyprus 1975-2005 2010-2015 2018-2025 Right National Unity Party
75%
Niger 1960-1974 Centre Right Nigerien Progressive Party – African Democratic Rally
75%
Kenya 2007-2013 Right Party of National Unity
75%
Kingdom of Iceland & Iceland 1927-1942 1950-1953 1956-1958 1971-1974 1978-1979 1983-1987 1988-1991 2004-2006 2013-2017 Centre Progressive Party
75%
Kingdom of Portugal 1879-1881 1886-1890 1897-1900 1904-1906 Centre Left Progressive Party
75%
Maldives 2013-2018 Centre Right Progressive Party of Maldives
75%
Kingdom of Portugal 1865-1865 1868-1869 1870-1871 1877-1878 Centre Left Reformist Party
75%
Kingdom of Italy 1862-1862 1867-1867 1876-1891 1892-1896 1898-1899 1900-1905 1905-1906 1906-1909 Centre Left Sinistra
75%
Irish Republic 1919-1922 Pre-1986: Left Post-1986: Centre Left Sinn Féin
75%
Kingdom of Iceland & Iceland 1942-1942 1944-1947 1949-1950 1953-1956 1959-1971 1974-1978 1980-1983 1987-1988 1991-2004 2006-2009 2017-2017 2024-2024 Centre Right Sjálfstæðisflokkurinn
75%
Iceland 2009-2013 2024-Now Centre Left Social Democratic Alliance
75%
Iceland 1947-1949 1958-1959 1979-1980 Centre Left Social Democratic Party
75%
Portugal 1978-1979 1980-1980 1981-1983 1985-1995 2002-2005 2011-2015 2024-Now Centre Right Social Democratic Party
75%
Romania 2000-2004 2007-2007 Centre Left Social Democratic Party
75%
Hungarian Soviet Republic 1919-1919 Centre Left Social Democratic Party of Hungary
75%
Kyrgyzstan 2010-2020 Centre Left Social Democratic Party of Kyrgyzstan
75%
Lithuania 2001-2008 2012-2016 2024-Now Centre Left Social Democratic Party of Lithuania
75%
Malagasy Republic 1960-1972 Centre Left Social Democratic Party of Madagascar
75%
Malaysia 1957-2018 2021-2022 Right United Malays National Organisation
75%
Russia 1999-2001 Right Unity
75%
Kingdom of Hungary 1922-1944 1922-1932: Right 1932-1944: Far Right Unity Party
75%
Liberia 1995-1997 2006-2018 2024-Now Centre Unity Party
75%
Latvia 2011-2016 Centre Right Vienotība
75%
Republic of Iraq 1963-1963 Left Arab Socialist Ba'ath Party
50%
India 1996-1996 1998-2004 2014-Now Right Bharatiya Janata Party
50%
Poland 1991-1992 Centre Right Centre Agreement
50%
Kingdom of Italy & Italy 1945-1981 1982-1983 1987-1992 1993-1994 Centre Christian Democracy
50%
Netherlands 1977-1994 2002-2010 Centre Right Christian Democratic Appeal
50%
Norway 1972-1973 1997-2000 2001-2005 Centre Christian Democratic Party
50%
Paraguay 2008-2012 Centre Christian Democratic Party
50%
Luxembourg 1944-1974 1979-2013 2023-Now Centre Christian Social People's Party
50%
Poland 2007-2015 2023-Now Centre Right Civic Platform
50%
Malawi 2005-2012 2014-2020 2025-Now Big Tent Democratic Progressive Party
50%
Kiribati 1994-2003 Centre Right Christian Democratic Party / Maneaban te Mauri
50%
Italy 1996-2001 Left Democratic Party of the Left / The Olive Tree
50%
Portugal 1930-1974 Right National Union / People's National Action
50%
Russia 2001-Now Big Tent United Russia / All-Russia People's Front
50%
Palestine 1996-2006 2014-2015 Left Fatah
50%
Hungary 1998-2002 2010-Now Far Right Fidesz
50%
Italy 2018-2022 Pre-2018: Syncretic 2018-Now: Centre Left Five Star Movement
50%
Italy 1994-1995 2001-2006 Centre Right Forza Italia
50%
Italy 2022-Now Far Right Fratelli d'Italia
50%
People's Republic of Mozambique & Mozambique 1975-Now 1962-1990: Far Left 1990-Now: Left FRELIMO
50%
Lithuania 1998-2000 2008-2012 2020-2024 Centre Right Homeland Union
50%
Hungarian People's Republic 1956-1989 Far Left Hungarian Socialist Workers' Party
50%
India 1947-1971 2004-2014 Centre Indian National Congress
50%
India 1980-1989 1991-1996 Centre Left Indian National Congress (Indira)
50%
India 1971-1977 Centre Left Indian National Congress (Requisitionists)
50%
Mexico 1928-2000 2012-2018 Big Tent Institutional Revolutionary Party
50%
Ba'athist Iraq 1968-2003 Right Iraqi Ba'ath Party
50%
Kingdom of Italy 1919-1920 Centre Left Italian Radical Party
50%
Lebanese Republic 1941-1941 Pre-2000s: Far Right Post-2000: Centre Right Kataeb Party
50%
Poland 2005-2007 2015-2023 Right Law and Justice
50%
Moldova 2010-2010 2012-2016 Centre Right Liberal Democratic Party of Moldova
50%
Kingdom of Italy 1911-1919 1920-1921 1922-1922 Centre Right Liberali
50%
Israel 1988-1992 1996-1999 2001-2005 2009-2021 2022-Now Far Right Likud
50%
Democratic Republic of Madagascar & Madagascar 1975-1993 1997-2002 1975-1992: Far Left 1992-Now: Centre Left Malagasy Revolutionary Party
50%
Monaco 2023-Now Right Monegasque National Union
50%
Mexico 2018-Now Centre Left to Left Morena
50%
Papua New Guinea 2002-2011 Centre National Alliance Party
50%
Kingdom of Romania 1937-1938 Far Right National Christian Party
50%
Regency Kingdom of Poland 1918-1918 Right National-Democratic Party
50%
Liberia 1984-1990 Right National Democratic Party of Liberia
50%
Kingdom of Italy 1922-1943 Far Right National Fascist Party
50%
United Principalities of Moldavia and Wallachia & Kingdom of Romania 1876-1888 1895-1899 1901-1906 1907-1910 1914-1918 1918-1919 1922-1926 1927-1928 1933-1937 Centre National Liberal Party
50%
Romania 2012-2012 2014-Now Centre Right National Liberal Party
50%
Kingdom of Nepal & Nepal 1990-1994 1995-1997 1998-2002 2006-2008 2014-2015 2017-2018 2021-2022 Centre Left Nepali Congress
50%
Kingdom of Nepal 2004-2005 Centre Left Nepali Congress (Democratic)
50%
Russia 1995-1999 Centre Right Our Home – Russia
50%
Nigeria 1999-2015 Centre Right People's Democratic Party
50%
Netherlands 2010-2024 Centre Right People's Party for Freedom and Democracy
50%
Guyana 1992-2015 2020-Now 1969-1992: Left 1992-Now: Centre Left People's Progressive Party\Civic
50%
Papua New Guinea 1980-1982 1994-1997 Centre People's Progress Party
50%
Ivory Coast 2011-Now Centre Rally of the Republicans
50%
Kingdom of Nepal 1997-1998 2002-2004 Right Rastriya Prajatantra Party
50%
Dominion of New Zealand 1912-1928 Centre Right Reform Party
50%
Rwanda 1994-Now Big Tent Rwandan Patriotic Front - Inkotanyi
50%
Macedonia & North Macedonia 1992-1998 2002-2004 2004-2006 2017-2024 Centre Left Social Democratic Union of Macedonia
50%
Namibia 1990-Now 1960-1990: Far Left 1990-Now: Centre Left to Left SWAPO
50%
Monaco 2003-2013 Centre Union Monégasque
50%
Peru 1998-2000 Right Vamos Vecino
50%
Kosovo 2020-2020 2021-Now Centre Left Vetëvendosje
50%
Guinea-Bissau 1973-2000 2003-2003 2009-2012 2014-2020 Pre-2003: Left 2003-Now: Centre Left African Party for the Independence of Guinea and Cape Verde
25%
Kyrgyzstan 2007-2010 Centre Right Ak Jol
25%
Mauritania 2022-Now Centre Right al-Inṣāf
25%
Kosovo 2017-2020 Centre Right Alliance for the Future of Kosovo
25%
Iran 2004-2008 Right Alliance of Builders of Islamic Iran
25%
Nigeria 2015-Now Centre All Progressives Congress
25%
Netherlands 1888-1891 1901-1905 1908-1913 1925-1926 1933-1939 1945-1945 1966-1967 1971-1973 Centre Right Anti-Revolutionary Party
25%
Hungarian Government of National Unity 1944-1945 Far Right Arrow Cross Party
25%
Portugal 1980-1981 Centre Right CDS – People's Party
25%
Hungarian People's Republic 1919-1919 Right Civil Radical Party
25%
Iran 1992-2000 Centre Right Combatant Clergy Association
25%
Nepal 2008-2009 2011-2013 2016-2017 2022-2024 Far Left Communist Party of Nepal (Maoist Centre)
25%
Kingdom of Romania 1921-1922 Centre Right Conservative-Democratic Party
25%
Niger 1993-1996 Centre Democratic and Social Convention
25%
Lesotho 2011-2012 2015-2017 Centre Left Democratic Congress
25%
Republic of the Tagalog People & Republic of the Tagalog Nation 1896-1897 Big Tent Katipunan / Magdiwang
25%
Kingdom of Laos (Eastern) 1960-1975 Far Left Lao Patriotic Front / Pathet Lao
25%
Pakistan 2018-2022 Centre Pakistan Tehreek-e-Insaf
25%
Lebanon 2025-Now Right Strong Republic / Lebanese Forces
25%
Montenegro 2023-Now Centre Europe Now!
25%
Ireland 1948-1951 1954-1957 1973-1977 1981-1982 1982-1987 1994-1997 2011-2020 2022-2025 Centre Fine Gael
25%
Peru 2021-2022 Left Free Peru
25%
Indonesia 2024-Now Right Gerindra Party
25%
Hungarian Republic & Hungarian People's Republic 1948-1956 Far Left Hungarian Working People's Party
25%
Indonesia 2001-2004 2014-2024 Centre Left Indonesian Democratic Party of Struggle
25%
Kingdom of Romania 1940-1945 Far Right Iron Guard
25%
Japan 1994-1994 Right Japan Renewal Party
25%
Kyrgyzstan 2020-2021 Centre Kırgızstan
25%
Philippines 1992-1998 2001-2010 Centre Right Lakas–Christian Muslim Democrats
25%
Philippines 1987-1992 Big Tent Lakas ng Bayan
25%
Laos 1975-Now Far Left Lao People's Revolutionary Party
25%
Iceland 2017-2024 Centre Left Left-Green Movement
25%
Netherlands 1897-1901 1905-1908 Centre Right Liberal Union
25%
Lithuania 2000-2001 Centre Liberal Union of Lithuania
25%
Tejeros Government & Republic of Biak-na-Bato 1897-1897 Big Tent Magdalo Katipunan
25%
Qajar Iran 1909-1910 1911-1913 1915-1915 1915-1916 1918-1918 Right Moderate Socialists Party
25%
Mexico 2000-2012 Centre Right National Action Party
25%
Pahlavi Iran 1951-1952 1952-1953 Centre National Front
25%
Libya 2012-2013 Centre Left National Front Party
25%
Myanmar 2016-2021 Centre National League for Democracy
25%
Panama 1903-1904 1907-1907 1908-1918 1918-1931 1931-1932 1936-1939 1945-1949 1960-1963 1963-1968 Centre National Liberal Party
25%
Panama 1952-1960 Centre Right National Patriotic Coalition
25%
Liberia 1997-2003 Centre National Patriotic Party
25%
Pakistan 1990-1990 Centre National People's Party
25%
Kiribati 1979-1982 1983-1994 Centre Left National Progressive Party
25%
Portugal 1917-1919 Right National Republican Party
25%
Montenegro 2020-2022 Centre Right Ne damo Crnu Goru
25%
Latvia 2002-2004 2009-2011 Centre Right New Era Party
25%
Pakistan 1997-1999 2013-2018 2022-2023 2024-Now Centre Right Pakistan Muslim League (N)
25%
Pakistan 2002-2007 Centre Right Pakistan Muslim League (Quaid e Azam Group)
25%
Philippines 2022-Now Big Tent Partido Federal ng Pilipinas
25%
Moldova 2020-Now Centre Party of Action and Solidarity
25%
Liechtenstein 1970-1974 1978-1993 1993-2001 2009-2013 2021-Now Centre Right Patriotic Union
25%
Maldives 2023-Now Centre Right People's National Congress
25%
Papua New Guinea 1997-1999 2011-2019 Centre People's National Congress
25%
Jamaica 1972-1980 1989-2007 2012-2016 Centre Left People's National Party
25%
Peru 1939-1945 1956-1962 Centre Right Peruvian Democratic Movement
25%
Republic of Poland 1921-1922 Centre Right Polish Christian Democratic Party
25%
Polish People's Republic & Poland 1948-1989 Far Left Polish United Workers' Party
25%
Latvia 1990-1993 Big Tent Popular Front of Latvia
25%
Moldova 1990-1992 Centre Right Popular Front of Moldova
25%
Republic of Poland 1919-1919 1920-1920 1923-1925 Right Popular National Union
25%
Peru 2020-2021 Centre Purple Party
25%
Niger 1997-1999 Centre Right Rally for Democracy and Progress
25%
Lesotho 2022-Now Centre Revolution for Prosperity
25%
Nicaragua 1979-1990 2007-Now Left Sandinista National Liberation Front
25%
Union of Burma & Union of Myanmar & Myanmar 1988-2011 2021-Now 1988-2011: Military Right 2021-Now: Military Far Right Tatmadaw
25%
Kenya 2013-2016 Centre Right The National Alliance
25%
Liberia 1870-1871 1871-1872 1878-1980 Right True Whig Party
25%
Marshall Islands 1996-1997 2000-2008 2009-2009 Centre United Democratic Party
25%
Macedonia & North Macedonia 1991-1992 1998-2002 2006-2017 Centre Right VMRO-DPMNE
25%
Israel 2022-2022 Centre Yesh Atid
25%
Madagascar 2009-2014 2019-2025 Centre Left Young Malagasies Determined
25%
Kingdom of Italy 1945-1945 Centre Left Action Party
0%
Marshall Islands 1997-2000 2009-2011 2020-2024 Centre Aelon̄ Kein Ad
0%
Lesotho 2012-2015 2017-2022 Centre All Basotho Convention
0%
Mali 1992-2002 2012-2013 Centre Left Alliance for Democracy in Mali
0%
Nicaragua 2004-2007 Centre Right Alliance for the Republic
0%
Iraq 2018-2021 Big Tent Alliance Towards Reforms
0%
Libya 2013-2016 Centre al-Wafaa
0%
Union of Burma 1948-1962 1945-1948: Left 1948-1958: Centre Left Anti-Fascist People's Freedom League
0%
Libyan Arab Republic 1971-1977 Left Arab Socialist Union
0%
Iran 1988-1992 Centre Left Association of Combatant Clerics
0%
Panama 1951-1952 Big Tent Authentic Revolutionary Party
0%
Lesotho 1966-1986 Centre Right Basotho National Party
0%
Lesotho 1993-1994 1994-1997 Left Basutoland Congress Party
0%
Union of Burma & Socialist Republic of the Union of Burma 1962-1988 Left Burma Socialist Programme Party
0%
Republic of Poland 1936-1939 Right Camp of National Unity
0%
Netherlands 1946-1948 1958-1966 1967-1971 Centre Right Catholic People's Party
0%
Romania 1996-2000 Centre Right Christian Democratic National Peasants' Party
0%
Netherlands 1926-1929 1939-1940 Centre Right Christian Historical Union
0%
Hungarian Republic 1919-1922 Right Christian National Union Party
0%
Mexican Republic 1888-1910 Centre Right Círculo Nacional Porfirista
0%
Peru 1872-1879 1881-1883 1899-1912 1914-1919 Centre Right Civilista Party
0%
Iran 2020-Now Right Coalition Council of Islamic Revolution Forces
0%
Norway 1903-1905 Centre Coalition Party
0%
Kingdom of Laos 1959-1960 1960-1965 Right Committee for the Defence of National Interests
0%
Liberia 2018-2024 Big Tent Congress for Democratic Change
0%
Lebanese Republic & Lebanon 1927-1928 1929-1929 1942-1943 1943-1945 1945-1946 1946-1951 1952-1952 1954-1955 1956-1958 Centre Constitutional Bloc
0%
Nicaragua 1997-2004 Right Constitutionalist Liberal Party
0%
Peru 1886-1895 Right Constitutional Party
0%
Morocco 1979-1993 Centre Right Constitutional Union
0%
Kingdom of Iraq 1946-1947 1949-1949 1950-1952 1954-1957 1958-1958 Centre Right Constitutional Union Party
0%
Mexican Republic 1914-1915 Left Conventionists
0%
Pakistan 1962-1969 Centre Right Convention Muslim League
0%
Irish Free State 1922-1932 Centre Right Cumann na nGaedheal
0%
Panama 1963-1963 Centre Right Democratic Action Party
0%
Haiti 2016-2016 Centre Democratic Alliance Party
0%
Panama 2009-2014 Centre Right Democratic Change
0%
Russia 1993-1995 Centre Right Democratic Choice of Russia
0%
Lithuania 1992-1998 Centre Left Democratic Labour Party of Lithuania
0%
Kosovo 2014-2017 2020-2021 Centre Right Democratic League of Kosovo
0%
Poland 2001-2005 Centre Left Democratic Left Alliance
0%
Portugal 1924-1925 Left Democratic Leftwing Republican Party
0%
Japan 1949-1950 Right Democratic Liberal Party
0%
Romania 2004-2007 2007-2012 2012-2014 Centre Right Democratic Liberal Party
0%
Kingdom of Romania 1931-1932 Far Right Democratic Nationalist Party
0%
Panama 1979-1989 1994-1999 2004-2009 2019-2024 Centre Left Democratic Revolutionary Party
0%
Poland 1991-1991 1992-1993 Centre Democratic Union
0%
North Macedonia 2024-2024 Centre Left Democratic Union for Integration
0%
Mali 1975-1991 Centre Left Democratic Union of the Malian People
0%
Iran 2000-2004 Big Tent 2nd of Khordad Front / Islamic Iran Participation Front
0%
Lebanon 1990-1992 2004-2005 Centre Arab Liberation Party / Dignity Movement
0%
Peru 1990-1998 Right Cambio 90
0%
Libyan Arab Republic 1969-1971 Left Free Officers Movement / Revolutionary Command Council
0%
Lebanon 1992-1998 2000-2004 2005-2011 2014-2020 Centre Right Future Movement / March 14 Alliance
0%
Kazakhstan 1999-Now Big Tent Otan / Nūr Otan / Amanat / People's Coalition
0%
Great Socialist People's Libyan Arab Jamahiriya 1977-2011 Left Socialist Jamahiriya / Third International Theory
0%
Pakistan 1956-1957 Big Tent East Pakistan Awami League
0%
Haiti 1996-2004 2024-2025 Centre Left Fanmi Lavalas
0%
Latvia 1997-1998 Right For Fatherland and Freedom/LNNK
0%
Interim Government of Iran 1979-1979 Centre Freedom Movement of Iran
0%
Norway 1910-1912 1923-1924 Centre Right Free-minded Liberal Party
0%
Netherlands 1945-1946 Centre Left Free-thinking Democratic League
0%
Morocco 1963-1965 1967-1969 Centre Front for the Defence of Constitutional Institutions
0%
Haiti 2006-2009 Centre Fwon Lespwa
0%
Netherlands 1918-1925 Centre Right General League of Roman Catholic Electoral Associations
0%
Indonesia 1968-1999 1964-1999: Far Right Post-1999: Centre Right Golkar
0%
Madagascar 2014-2019 Centre Hery Vaovao Hoan'i Madagasikara
0%
Kingdom of Portugal 1856-1859 1860-1865 1869-1870 Centre Historic Party
0%
Kingdom of Iceland 1917-1922 Centre Right Home Rule Party
0%
Monaco 2013-2018 Right Horizon Monaco
0%
Hungary 1990-1994 Centre Right Hungarian Democratic Forum
0%
Luxembourg 1925-1926 Centre Independent National Party
0%
Provisional Hungarian Republic & Hungarian Republic 1945-1946 1946-1947 Big Tent Independent Smallholders, Agrarian Workers and Civic Party
0%
United States of Indonesia & Indonesia 1949-1950 1959-1967 Left Indonesian National Party
0%
Haiti 2009-2011 2016-2017 2025-2025 Centre Left Inite
0%
Republic of Iraq 1963-1968 Left Iraqi Arab Socialist Union
0%
Kingdom of Iraq 1938-1940 1941-1944 Right Iraqi Covenant Party
0%
Iraq 2004-2005 Centre Left Iraqi National Accord
0%
Jordan 2024-Now Centre Right Islamic Action Front
0%
Iraq 2005-2014 Centre Right Islamic Dawa Party
0%
Iranian Council of the Islamic Revolution & Iran 1979-1988 Big Tent Islamic Republican Party
0%
Pakistan 1990-1993 Right Islami Jamhoori Ittehad
0%
Kingdom of Italy 1922-1922 Centre Right Italian Liberal Party
0%
Kingdom of Italy 1921-1922 Centre Left Italian Reformist Socialist Party
0%
Ivory Coast 2000-2011 Centre Left Ivorian Popular Front
0%
Latvia 2019-Now Centre Right Jaunā Vienotība
0%
Kenya 2016-2022 Centre Right Jubilee Party
0%
Madagascar 1996-1997 Centre Judged by Your Work Party
0%
Morocco 2011-2021 Right Justice and Development Party
0%
Israel 2005-2009 Centre Right Kadima
0%
Japanese Philippine Republic 1943-1945 Far Right Kapisanan sa Paglilingkod sa Bagong Pilipinas
0%
Empire of Japan 1924-1927 Centre Right Kenseikai
0%
Empire of Japan 1898-1898 Centre Right Kenseitou
0%
Kenya 1964-2002 Centre Right Kenya African National Union
0%
Philippines 1978-1986 Right Kilusang Bagong Lipunan
0%
Kingdom of Italy 1944-1945 Centre Left Labour Democratic Party
0%
Lao Issara 1945-1946 Centre Left Lao Issara
0%
Kingdom of Laos 1965-75 Centre Lao Neutralist Party
0%
Kingdom of Laos 1958-1959 1960-1960 Centre Left Lao People's Rally
0%
Philippines 1998-2001 Centre Lapian ng Masang Pilipino
0%
Latvia 1993-1995 1998-1999 2000-2002 Centre Right Latvian Way
0%
Latvia 2007-2009 Centre Right Latvia's First Party/Latvian Way
0%
Nicaragua 1838-1839 1839-1839 1841-1843 1847-1847 1849-1851 1851-1851 1851-1852 1853-1854 Centre Right Legitimist Party
0%
Lesotho 1997-2011 Centre Left Lesotho Congress for Democracy
0%
Mexico 1914-1920 Centre Left Liberal Constitutionalist Party
0%
Poland 1991-1991 Centre Right Liberal Democratic Congress
0%
Kingdom of Portugal 1906-1908 Centre Right Liberal Regenerator Party
0%
Liberia 2003-2006 Centre Liberian Action Party
0%
Latvia 2016-2019 Centre Right Liepāja Party
0%
Lithuania 2016-2020 Centre Left Lithuanian Farmers and Greens Union
0%
Guinea-Bissau 2020-Now Centre Left Madem G15
0%
Lebanon 2005-2005 Centre Majd Movement
0%
Malawi 1966-1994 2020-2025 Centre Right Malawi Congress Party
0%
Malaysia 2018-2021 2016-2020: Centre Right 2020-Now: Right Malaysian United Indigenous Party
0%
Lebanon 1975-1975 1987-1987 Right Marada Movement
0%
Indonesia 1950-1959 Big Tent Masyumi-PNI Coalition
0%
Mauritania 1960-1961 Centre Mauritanian Regroupment Party
0%
Mauritius 1982-1983 2003-2005 Left Mauritian Militant Movement
0%
Mauritius 1983-1995 2000-2003 2014-2024 Centre Left Militant Socialist Movement
0%
Pakistan 1947-1956 1957-1957 1971-1971 Big Tent Muslim League
0%
Indonesia 1999-2001 Centre National Awakening Party
0%
Lebanese Republic 1929-1930 1937-1938 Centre National Bloc
0%
Peru 1945-1948 Centre Left National Democratic Front
0%
Nicaragua 1929-1972 1974-1979 Right Nationalist Liberal Party
0%
Portugal 1923-1924 Right Nationalist Republican Party
0%
Niger 1989-1993 1999-2010 Centre Right National Movement for the Society of Development
0%
Nicaragua 1990-1997 Centre Right National Opposition Union
0%
Kingdom of Romania 1928-1931 1932-1933 Syncretic National Peasants' Party
0%
Republic of Poland 1919-1920 Centre Right National People's Union
0%
Kingdom of Laos 1953-1958 Centre Left National Progressive Party
0%
Morocco 1972-1979 2021-Now Centre National Rally of Independents
0%
Kingdom of Romania 1939-1940 Right National Renaissance Front
0%
Rwanda 1975-1994 Far Right National Revolutionary Movement for Development
0%
Romania 1989-1996 Centre Left National Salvation Front
0%
Madagascar 1993-1996 Centre National Union for Democracy and Development
0%
Niger 1996-1997 Centre Right National Union of Independents for Democratic Renewal
0%
Nauru 1976-1978 1986-1986 Centre Nauru Party
0%
Niger 2011-2023 Centre Left Nigerien Party for Democracy and Socialism
0%
Republic of Poland 1926-1926 1928-1930 1930-1936 Big Tent Nonpartisan Bloc for Cooperation with the Government
0%
Federation of Nigeria & Federal Republic of Nigeria 1960-1966 Centre Right Northern People's Congress
0%
Haiti 1991-1991 1993-1994 1994-1996 2024-2024 Centre Left Òganizasyon Pèp k ap Lite
0%
Panama 1932-1936 1939-1941 1949-1951 1968-1968 1989-1994 1999-2004 2014-2019 Centre Right Panameñista Party
0%
Papua New Guinea 1975-1980 1982-1985 1988-1992 2019-Now Centre Pangu Pati
0%
Rwanda 1962-1973 Far Right Parmehutu
0%
Mexican Republic 1910-1911 Centre Right Partido Nacional Reeleccionista
0%
Guinea-Bissau 2000-2003 Centre Party for Social Renewal
0%
Kingdom of Iraq 1933-1933 1935-1937 1940-1941 1941-1941 Right Party of National Brotherhood
0%
Regency Kingdom of Poland & Republic of Poland 1918-1918 1922-1922 1925-1926 Right Party of the National Right
0%
Haiti 2017-2021 Centre Right Pati Ayisyen Tèt Kale
0%
Kingdom of Laos 1960-1960 Centre Peace and Neutrality Party
0%
Haiti 1950-1956 1957-1957 Left Peasant Worker Movement
0%
Saint Kitts and Nevis 1983-1995 Centre Right People's Action Movement
0%
Papua New Guinea 1985-1988 1992-1994 1999-2002 Centre People's Democratic Movement
0%
Malaysia 2022-Now Centre Left People's Justice Party
0%
Guyana 1970-1992 2015-2020 Centre Left People's National Congress Reform
0%
Peru 1985-1990 2006-2011 Pre-1980: Centre Left 1980-2006: Centre 2006-Now: Centre Right Peruvian Aprista Party
0%
Peru 2016-2018 Centre Right Peruvians for Change
0%
Iran 2016-2020 Centre Left Pervasive Coalition of Reformists
0%
Kiribati 2003-2016 Centre Left Pillars of Truth
0%
Kingdom of Romania 1945-1947 Left Ploughmen's Front
0%
Peru 1963-1968 1980-1985 2000-2001 2020-2020 Centre Popular Action
0%
Morocco 1971-1972 Centre Right Popular Movement
0%
Peru 2001-2006 Centre Possible Peru
0%
Monaco 2018-2023 Centre Right Priorité Monaco
0%
Liechtenstein 1921-1922 1922-1922 1928-1970 1974-1978 1993-1993 2001-2009 2013-2021 Centre Right Progressive Citizens' Party
0%
Mexican Republic 1911-1913 Centre Progressive Constitutionalist Party
0%
Mali 2013-2020 Centre Left Rally for Mali
0%
Monaco 1963-2003 Right Rally & Issues
0%
Mauritania 2007-2008 Centre Left Rally of Democratic Forces
0%
Haiti 1988-1988 Centre Right Rally of Progressive National Democrats
0%
Guinea 2010-2021 Centre Left Rally of the Guinean People
0%
Maldives 1953-1953 Centre Left Rayyithunge Muthagaddim Party
0%
Panama 2024-Now Right Realizing Goals
0%
Portugal 1920-1920 Right Reconstitution Party
0%
Qajar Iran 1921-1922 1922-1923 Centre Right Reformers' Party
0%
Peru 1919-1930 Right Reformist Democratic Party
0%
Kingdom of Portugal 1851-1856 1859-1860 1865-1868 1870-1870 1871-1877 1878-1879 1881-1886 1890-1890 1893-1897 1900-1904 1906-1906 1909-1910 Right Regenerator Party
0%
Haiti 2011-2016 Centre Right Repons Peyizan
0%
Italian Social Republic 1943-1945 Far Right Republican Fascist Party
0%
Portugal 1920-1920 1921-1921 Centre Right Republican Liberal Party
0%
Northern Cyprus 2005-2010 2015-2018 2025-Now Centre Left Republican Turkish Party
0%
Qajar Iran 1923-1923 Centre Left Revival Party
0%
Peru 1930-1936 Far Right Revolutionary Union
0%
Empire of Japan 1914-1916 Centre Rikken Doushikai
0%
Empire of Japan 1929-1931 1934-1940 Centre Rikken Minseitou
0%
Empire of Japan 1900-1914 1917-1923 1927-1929 1931-1934 Centre Right Rikken Seiyuukai
0%
Netherlands 1929-1933 Centre Right Roman Catholic State Party
0%
Lithuania 1990-1992 Big Tent Sąjūdis
0%
India 1990-1991 Centre Left Samajwadi Janata Party (Rashtriya)
0%
Poland 1995-1997 Centre Left Social Democracy of the Republic of Poland
0%
Kingdom of Iraq 1947-1948 Centre Left Socialist Nation Party
0%
Morocco 1997-2007 Centre Left Socialist Union of Popular Forces
0%
Polish People's Republic & Poland 1989-1991 Big Tent Solidarity Citizens' Committee
0%
Poland 1997-2001 Centre Right Solidarity Electoral Action
0%
Mali 1960-1968 Left Sudanese Union – African Democratic Rally
0%
Mauritania 2005-2007 Centre Right Sûreté Nationale
0%
Empire of Japan 1940-1945 Far Right Taisei Yokusankai
0%
Italy 2008-2011 Centre Right The People of Freedom
0%
Madagascar 2002-2009 Centre Right Tiako i Madagasikara
0%
Kiribati 2016-Now Centre Tobwaan Kiribati Party
0%
Mauritania 2009-2022 Centre Right Union for the Republic
0%
Myanmar 2011-2016 Far Right Union Solidarity and Development Party
0%
Kenya 2022-Now Centre Right United Democratic Alliance
0%
Malawi 1994-2005 Centre United Democratic Front
0%
Iran 2008-2016 Right United Front of Principlists
0%
Kingdom of Iraq 1957-1957 Centre Left United National Front
0%
Philippines 1986-1987 Big Tent United Nationalist Democratic Organization
0%
Marshall Islands 2008-2009 Centre United People's Party
0%
Montenegro 2022-2023 Centre United Reform Action
0%
Saint Lucia 1979-1979 1982-1997 2007-2011 2016-2021 Centre Right United Workers Party
0%
Guinea 1984-2008 Centre Unity and Progress Party
0%
Iraq 2014-2018 Centre Victory Alliance
0%
Peru 2025-Now Right We Are Peru
0%
Israel 2021-2022 Far Right Yamina
0%
No matching quizzes found
Score Distribution
Percent of People with Each Score
Percentile by Number Answered
Your Score History
You have not taken this quiz since the last reset